000 01565nam0a22003371 4500
001 RU\NLR\INFOCOMM_233\5000093248
005 20250613101710.0
035 _a(NLR Aleph) 009388928
090 _a8030228
_c8030228
100 _a20110131d1983 |||y0rusy50 ca
101 0 _aeng
102 _aRU
105 _aa ||||000|y
200 1 _aCircular polarization of γ-quanta radiated in the capture of polarized neutrons by protons and the quark compound bag model
_fI. L. Grach, M. Zh. Shmatikov
210 _aМ.
_cИн-т теорет. и эксперим. физики
_d1983
215 _a20 с.
_cчерт.
_d20 см
225 1 _aInstitute of theoretical and experimental physics
_vITEP-115
300 _aВ вып. дан.: Циркулярная поляризация γ-квантов в захвате поляризованных нейтронов протонами и модель составного кваркового мешка / И. Л. Грач, М. Ж. Шматиков
320 _aБиблиогр.: с. 20
606 _aГамма-кванты
_xПоляризация при захвате нейтронов протонами
_2nlr_sh1
686 _aВ382.311
_2rubbk
686 _aВ382.145
_2rubbk
700 1 _9z01790
_aGrač
_bI. L.
_gInna Leonidovna
_4070
701 1 _9z02790
_aŠmatikov
_bM. Z.
_gMichail Žoresovič
_4070
790 1 _9z01700
_aGrach
_bI. L.
_4070
790 1 _9z02701
_aShmatikov
_bM. Zh.
_4070
801 1 _aRU
_bNLR
_c20110131
801 0 _aRU
_bNLR
_gPSBO
852 _aNLR
_jФз01 Д-4/2268
942 _cBOOK
980 _aNB